00965nam a22001937a 45000010005000000030006000050050017000110080041000280200018000690400029000870820011001162450073001272600032002003000023002325050006002555200465002615210027007265210018007531686FISKH20250808142502.0230914b cb ||||| |||| 00| 0 eng d a9781407139654 aFISKHbengcFISKHdFISKH a823.92 aBunny needs a friend /cBy Jill Hucklesny ; illustrated by Jon Davis aLondon :bScholastic,c2014 a149 pages :c21 cm aH aAn exciting, inspiring story based on a real-life animal rescue. When Sarah and her family find a box on the side of the road, the last thing they expect to find inside is a bunny! It's all alone, so they call the RSPCA. An RSPCA Inspector arrives to take the bunny to a local centre for treatment. She's thin and cold, and needs looking after, but the RSPCA know just what to do. The bunny makes a good recovery and meets a special furry friend along the way.8 a510 bLexile estimate8 aH bRaz-Plus